Les podiums du tournoi des 6 nations (2000-2022) - Statistiques

Statistiques générales
  • Ce quiz a été pris 426 fois
  • Le résultat moyen est 22 sur 23
Statistiques - réponses
Année 1ER 2E 3E Pays % Correct
2001 Angleterre Irlande ? Ecosse
100%
2013 Galles Angleterre ? Ecosse
100%
2007 France Irlande ? Angleterre
99%
2011 ? France Irlande Angleterre
99%
2016 ? Galles Irlande Angleterre
99%
2022 France Irlande ? Angleterre
99%
2002 ? Angleterre Irlande France
99%
2005 Galles ? Irlande France
99%
2006 ? Irlande Ecosse France
99%
2009 Irlande Angleterre ? France
99%
2010 ? Irlande Angleterre France
99%
2017 Angleterre Irlande ? France
99%
2000 Angleterre France ? Irlande
99%
2003 Angleterre ? France Irlande
99%
2004 France ? Angleterre Irlande
99%
2012 Galles Angleterre ? Irlande
99%
2015 ? Angleterre Galles Irlande
99%
2018 ? Galles Ecosse Irlande
99%
2020 Angleterre France ? Irlande
99%
2008 ? Angleterre France Galles
80%
2014 Irlande Angleterre ? Galles
80%
2019 ? Angleterre Irlande Galles
80%
2021 ? France Irlande Galles
80%
Aucun quiz correspondant
Distribution des résultats
% des personnes avec chaque résultat
Percentile par nombre de réponses
Votre historique - résultats
Vous n’avez pas pris ce quiz